Vista normal
Vista MARC
Entrada Personal Name
Número de registros utilizados en: 1
001 - CONTROL NUMBER
- control field: 13422
003 - CONTROL NUMBER IDENTIFIER
- control field: DLC
005 - DATE AND TIME OF LATEST TRANSACTION
- control field: 20221017125903.0
008 - FIXED-LENGTH DATA ELEMENTS
- fixed length control field: 970324n| acannaab| |n aaa c
010 ## - LIBRARY OF CONGRESS CONTROL NUMBER
- LC control number: no 97018481
035 ## - SYSTEM CONTROL NUMBER
- System control number: (OCoLC)oca04301705
040 ## - CATALOGING SOURCE
- Original cataloging agency: NmU
- Transcribing agency: Mx-PuUPA
- Language of cataloging: spa
- Modifying agency: Mx-PuUPA
- Description conventions: rda
100 10 - HEADING--PERSONAL NAME
- Personal name: Zepeda, Monique,
370 ## - ASSOCIATED PLACE
- Place of birth: Ciudad de México
374 ## - OCCUPATION
- Occupation: Autor
375 ## - GENDER
- Gender: mujer
377 ## - ASSOCIATED LANGUAGE
- Language code: spa
670 ## - SOURCE DATA FOUND
- Source citation: Un corazón lleno de suerte, 1992:
- Information found: t.p. (Monique Zepeda)